[Event "Kishinev Interzonal (Women)"]
[Site "Kishinev"]
[Date "1995.??.??"]
[Round "7"]
[White "Krupkova, Petra"]
[Black "Tsiganova, Monika"]
[Result "1/2-1/2"]
[WhiteElo "2210"]
[BlackElo "2295"]

1.e4 c5 2.c3 Nf6 3.e5 Nd5 4.d4 cxd4 5.Nf3 Nc6 6.Bc4 Nb6 7.Bb3 d5 8.exd6 Qxd6
9.O-O Be6 10.Bxe6 Qxe6 11.Nxd4 Qd7 12.Nf3 e5 13.Qe2 f6 14.Rd1 Qe6 15.b3 Be7
16.c4 O-O 17.Nc3 Rad8 18.Be3 Rxd1+ 19.Rxd1 Rd8 20.Bxb6 Rxd1+ 21.Qxd1 axb6
22.Qd5 Kf7 23.Kf1 Bc5 24.Ne1 Bd4 25.Qxe6+ Kxe6 26.Na4 Bc5 27.Nc2 Kd6 28.Nc3 Nd4
29.Nxd4 Bxd4 30.Nb5+ Kc5 31.f3 f5 32.Ke2 Bg1 33.h3 Kc6 34.Kd3 Bf2 35.a3 Kd7
36.b4 h5 37.Ke2 Bg1 38.Kf1 Be3 39.Ke2 Bg1 40.Kf1 Be3 41.Ke2  1/2-1/2

[Event "HUN-ROM juniors"]
[Site "Kiskunhalas"]
[Date "1995.??.??"]
[Round "?"]
[White "Szabo, Gergely"]
[Black "Vamos, Viktor"]
[Result "0-1"]
[WhiteElo "2035"]
[BlackElo "2145"]

1.e4 c5 2.c3 Nf6 3.e5 Nd5 4.d4 cxd4 5.Nf3 Nc6 6.cxd4 d6 7.Bc4 Nb6 8.Bb5 dxe5
9.Bxc6+ bxc6 10.Nxe5 Bb7 11.Nc3 e6 12.Qf3 Qc7 13.Bf4 Bd6 14.Rc1 O-O 15.O-O f6
16.Nd3 Bxf4 17.Nxf4 Qd7 18.Ne4 e5 19.Nc5 Qf7 20.Nfe6 Rfe8 21.Qb3 Rab8 22.dxe5 fxe5
23.f4 e4 24.f5 Nd5 25.Qg3 e3 26.Rc4 Nf6 27.Qxe3 Bc8 28.b4 Bxe6 29.Nxe6 Qb7
30.Qb3 Kh8 31.Qg3 Re7 32.Rxc6 Qxb4 33.Qe5 Rg8 34.Kh1 Qe4 35.Qb2 Qxc6  0-1

[Event "Klatovy op"]
[Site "Klatovy"]
[Date "1995.??.??"]
[Round "3"]
[White "Neuschl, Zdenek"]
[Black "Kuljabin, Vadim"]
[Result "1-0"]
[WhiteElo "2145"]
[BlackElo "2220"]

1.e4 c5 2.c3 Nf6 3.e5 Nd5 4.d4 cxd4 5.Nf3 e6 6.cxd4 Qc7 7.Bd2 Nc6 8.Nc3 d6
9.Bb5 a6 10.Nxd5 exd5 11.Bxc6+ Qxc6 12.O-O Be7 13.Bb4 O-O 14.Rc1 Qb6 15.Qb3 Rd8
16.Qc3 a5 17.Ba3 Bf8 18.Qc7 Qxc7 19.Rxc7 dxe5 20.Bxf8 Kxf8 21.Nxe5 f6 22.Nd3 Rd7
23.Rfc1 Rxc7 24.Rxc7 Bf5 25.Nf4 Re8 26.f3 Re1+ 27.Kf2 Rd1 28.Ke3 b5 29.g4 g5
30.Nxd5 Rd3+ 31.Ke2 Rxd4 32.Nxf6 Be6 33.Nxh7+ Ke8 34.a3 Bc4+ 35.Ke1 Rd3 36.Nxg5 Rb3
37.Ne4 Bg8 38.Rc8+ Kf7 39.Rc2 Re3+ 40.Kf2 Rd3  1-0

[Event "Klatovy op"]
[Site "Klatovy"]
[Date "1995.??.??"]
[Round "7"]
[White "Dolezal, Radoslav Jr"]
[Black "Orsag, Milan"]
[Result "0-1"]
[WhiteElo "2260"]
[BlackElo "2390"]

1.e4 c5 2.c3 Nf6 3.e5 Nd5 4.d4 cxd4 5.Nf3 e6 6.cxd4 b6 7.Bc4 Bb4+ 8.Bd2 Bxd2+
9.Nbxd2 Ba6 10.Ne4 Bxc4 11.Nd6+ Ke7 12.Nxc4 b5 13.Nd6 Qa5+ 14.Nd2 Nc6 15.Qh5 g6
16.Qh4+ f6 17.Ne4 Raf8 18.O-O h6 19.exf6+ Nxf6 20.Rad1 g5 21.Qg3 Nd5 22.Qd6+ Ke8
23.Nb3 Qc7 24.Qc5 a6 25.Rfe1 Kd8 26.Nc3 Rf5 27.Nxd5 Rxd5 28.Qc3 Rf8 29.Nc5 Rf6
30.Nxa6 Qf4 31.Qe3 Rxd4 32.Rxd4 Qxd4 33.Qxd4 Nxd4 34.Rd1 e5 35.Nb4 Rb6 36.f3 d6
37.Kf2 Kd7 38.Rc1 Rb8 39.Nd5 b4 40.b3 Rb5 41.Rc7+ Kd8  0-1

[Event "Konik op"]
[Site "?"]
[Date "1995.??.??"]
[Round "?"]
[White "Muzik, Martin"]
[Black "Firt, Stanislav"]
[Result "0-1"]
[WhiteElo "2195"]
[BlackElo "2390"]

1.e4 c5 2.c3 Nf6 3.d3 Nc6 4.g3 d5 5.Qc2 g6 6.Nf3 Bg7 7.Bg2 O-O 8.O-O b6 9.e5 Ng4
10.d4 Ba6 11.Rd1 cxd4 12.cxd4 Rc8 13.Nc3 e6 14.h3 Nh6 15.Bg5 Qd7 16.Qd2 Nf5
17.g4 Nfe7 18.Bf6 h6 19.Bf1 Bxf1 20.Rxf1 Na5 21.b3 Rc7 22.Rac1 Rfc8 23.Bxe7 Qxe7
24.Nb5 Rxc1 25.Rxc1 Rxc1+ 26.Qxc1 Qd7 27.Nc3 Bf8 28.Ne2 Qc6 29.Qd2 Kg7 30.Ne1 Qb5
31.Nc2 Nc6 32.f4 f5 33.gxf5 gxf5 34.h4 Qa6 35.Nc1 Qc8 36.Qc3 Qe8 37.Kh2 Be7
38.Kh3 Qh5 39.Qxc6 Qxh4+ 40.Kg2 Qg4+ 41.Kh2 Qxf4+ 42.Kh3 Qf1+ 43.Kg3 f4+
44.Kg4 h5+  0-1

[Event "Kurgan"]
[Site "Kurgan"]
[Date "1995.??.??"]
[Round "1"]
[White "Kupreichik, Viktor D"]
[Black "Pugachov, Alexey"]
[Result "1/2-1/2"]
[WhiteElo "2500"]
[BlackElo "2475"]

1.e4 c5 2.c3 Nf6 3.e5 Nd5 4.d4 cxd4 5.Nf3 e6 6.cxd4 b6 7.Nc3 Nxc3 8.bxc3 Qc7
9.Bd2 Bb7 10.Bd3 d6 11.O-O Nd7 12.Bf4 Be7 13.Rc1 O-O 14.Re1 Rfe8 15.Qe2 Rac8
16.h3  1/2-1/2

[Event "La Coruna TH op"]
[Site "La Coruna"]
[Date "1995.??.??"]
[Round "6"]
[White "Glavina, Pablo"]
[Black "Guimaraes, Jorge"]
[Result "1-0"]
[WhiteElo "2390"]
[BlackElo "2335"]

1.e4 c5 2.c3 Nf6 3.e5 Nd5 4.Nf3 Nc6 5.Bc4 e6 6.d4 cxd4 7.cxd4 d6 8.O-O Be7
9.Qe2 O-O 10.Qe4 Ndb4 11.exd6 Qxd6 12.Bf4 Qd7 13.Nc3 Rd8 14.Rad1 Nd5 15.Bg3 b6
16.Bd3 g6 17.Nxd5 Qxd5 18.Qe3 Bb7 19.Be4 Qd7 20.d5 exd5 21.Bxd5 Bc5 22.Qh6 Bf8
23.Qh4 Bg7 24.Bxc6  1-0

[Event "Las Vegas op"]
[Site "Las Vegas"]
[Date "1995.??.??"]
[Round "4"]
[White "Adamson, Robby"]
[Black "Reuben, Stewart"]
[Result "1/2-1/2"]
[WhiteElo "2315"]
[BlackElo "2270"]

1.e4 c5 2.c3 Nf6 3.e5 Nd5 4.d4 cxd4 5.Nf3 Nc6 6.Bc4 Nb6 7.Bb3 d5 8.exd6 e6
9.cxd4 Bxd6 10.Nc3 Be7 11.O-O O-O 12.a3 Bf6 13.Be3 Nd5 14.Ne4 Nxe3 15.Nxf6+ Qxf6
16.fxe3 Qh6 17.Qe2 b6 18.e4 Bb7 19.Rad1 Ne7 20.Ne5 Nc6 21.Nf3 Ne7 22.Ne5 Nc6
23.Nf3  1/2-1/2

[Event "Liechtenstein op"]
[Site "Liechtenstein"]
[Date "1995.??.??"]
[Round "?"]
[White "Atlas, Dimitry"]
[Black "Arakhamia, Ketevan"]
[Result "1/2-1/2"]
[WhiteElo "2335"]
[BlackElo "2420"]

1.e4 c5 2.c3 Nf6 3.e5 Nd5 4.d4 cxd4 5.cxd4 d6 6.Nf3 Nc6 7.Bc4 Nb6 8.Bb5 dxe5
9.Nxe5 Bd7 10.Bxc6 Bxc6 11.Nxc6 bxc6 12.Nc3 e6 13.O-O Be7 14.Be3  1/2-1/2

[Event "Liechtenstein op"]
[Site "Liechtenstein"]
[Date "1995.??.??"]
[Round "?"]
[White "Trabert, Bettina"]
[Black "Frick, Renato"]
[Result "0-1"]
[WhiteElo "2210"]
[BlackElo "2140"]

1.e4 c5 2.c3 Nf6 3.e5 Nd5 4.d4 cxd4 5.Nf3 e6 6.cxd4 b6 7.Nc3 Nxc3 8.bxc3 Qc7
9.Bd2 Bb7 10.Bd3 d6 11.exd6 Bxd6 12.h3 Nd7 13.O-O O-O 14.Re1 Bf4 15.Bxf4 Qxf4
16.Qd2 Qxd2 17.Nxd2 Rac8 18.c4 Rfd8 19.Nb3 Rc7 20.f4 g6 21.Re3 Ba6 22.Rc1 Rdc8
23.Nd2 Nf6 24.Bf1 Bb7 25.Rd1 Rd8 26.Nb3 h5 27.g3 Bc6 28.Rd2 Kf8 29.Be2 Kg7
30.Bf1 Ne4 31.Rd1 Nd6 32.g4 hxg4 33.hxg4 Ne8 34.g5 Nd6 35.Bd3 Ba4 36.Rc1 Rh8
37.c5 Nf5 38.Bxf5 gxf5 39.cxb6 Rxc1+ 40.Nxc1 axb6 41.Ne2 Bc6 42.Rb3 b5 43.a3 Rh1+
44.Kf2 Rh2+ 45.Kf1 Kg6 46.Ng3 Rd2 47.Ne2 Bd5 48.Re3 Bc4 49.Ke1 Ra2 50.Ng3 Rh2
51.Rc3 Rh4 52.Rf3 Rh8 53.Kd2 Rh2+ 54.Ke1 Kg7 55.Re3 Rh4 56.Rf3 Kf8 57.Kd2 Bd5
58.Rf1 Rh2+ 59.Kc3 Ke7 60.Kb4 Bc4 61.Re1 Kd6 62.Re3 Rb2+ 63.Kc3 Rg2 64.Kb4 Kd5
65.Nh5 Kxd4 66.Rg3 Rb2+ 67.Ka5 Kc5 68.Nf6 Rd2 69.Re3 Rd8 70.Re5+ Bd5  0-1

[Event "Liechtenstein op"]
[Site "Liechtenstein"]
[Date "1995.??.??"]
[Round "3"]
[White "Trabert, Bettina"]
[Black "Tarasova, Oksana"]
[Result "1-0"]
[WhiteElo "2210"]
[BlackElo "2185"]

1.e4 c5 2.c3 Nf6 3.e5 Nd5 4.d4 cxd4 5.Nf3 d6 6.Bc4 dxe5 7.Nxe5 e6 8.Qxd4 Nc6
9.Nxc6 bxc6 10.O-O Qf6 11.Qxf6 Nxf6 12.Nd2 a5 13.a4 Nd5 14.Re1 Be7 15.Nf3 Ba6
16.Bxa6 Rxa6 17.Ne5 O-O 18.Be3 Rb8 19.Nc4 f6 20.g3 Kf7 21.Kg2 Raa8 22.f4 c5
23.Re2 Nb6 24.Nxb6 Rxb6 25.Rd1 Rab8 26.Bc1 Rd6 27.Rdd2 Rbd8 28.Rxd6 Bxd6
29.Kf3 h5 30.Be3 Ke7 31.Rd2 Rb8 32.Ke2 Rc8 33.h3 g6 34.Kf3 Rb8 35.g4 hxg4+
36.hxg4 Rh8 37.Rg2 Rh3+ 38.Ke2 e5 39.fxe5 fxe5 40.Kd3 Ke6 41.Ke4 Rh1 42.Kd3 Ra1
43.b3 Rb1 44.Kc4 e4 45.Rd2 Be7 46.Bf2 Ke5 47.Bg3+ Kf6 48.Bh4+ g5 49.Bf2 Ke5
50.Bg3+ Kf6 51.Rf2+ Kg6 52.Re2 Rg1 53.Re3 Kf7 54.Kd5 Rb1 55.c4 Rd1+ 56.Kxe4 Ke6
57.Kf3+ Kf7 58.Ke2 Rd4 59.Rd3 Ke6 60.Rxd4 cxd4 61.Be1 Bd8 62.b4 axb4 63.Bxb4 Bf6
64.Kd2 Bg7 65.Be7  1-0

[Event "Linares zt"]
[Site "Linares"]
[Date "1995.??.??"]
[Round "2"]
[White "Godena, Michele"]
[Black "Antunes, Antonio"]
[Result "1-0"]
[WhiteElo "2420"]
[BlackElo "2530"]

1.e4 c5 2.c3 Nf6 3.e5 Nd5 4.Nf3 Nc6 5.d4 cxd4 6.cxd4 d6 7.Bc4 dxe5 8.dxe5 Nb6
9.Qxd8+ Nxd8 10.Be2 Nc6 11.Nc3 Bf5 12.Be3 e6 13.Nh4 Bb4 14.Nxf5 exf5 15.O-O-O O-O
16.Nd5 Ba5 17.f4 Rfd8 18.Nxb6 Bxb6 19.Rxd8+ Nxd8 20.Bxb6 axb6 21.Kb1 Ne6
22.g3 Nd4 23.Bc4 Rd8 24.Rd1 Kf8 25.Bf1 Ke7 26.Bg2 f6 27.exf6+ Kxf6 28.Bxb7 g5
29.fxg5+ Kxg5 30.a4 f4 31.b4 fxg3 32.hxg3 Rb8 33.Rxd4 Rxb7 34.Kc2 Kf5 35.a5 bxa5
36.bxa5 Ke5 37.Ra4 Ra7 38.a6 Kd6 39.Kd3 Kc7 40.Ke3 Kb8 41.Kf3 Rd7 42.Kg4 Ka7
43.Kh5 Rd3 44.Rg4 Kxa6 45.Kh6 Kb6 46.Kxh7 Kc6 47.Rg8 Kd7 48.g4 Ke6 49.g5 Rd7+
50.Kg6 Rd6 51.Rf8 Ke7+ 52.Kg7 Re6 53.Rf7+ Ke8 54.g6 Re1 55.Rf2 Ke7 56.Kg8 Rg1
57.g7 Rh1 58.Re2+ Kd7 59.Re4  1-0

[Event "Linares zt"]
[Site "Linares"]
[Date "1995.??.??"]
[Round "5"]
[White "Godena, Michele"]
[Black "Sadler, Matthew"]
[Result "1/2-1/2"]
[WhiteElo "2420"]
[BlackElo "2565"]

1.e4 c5 2.c3 Nf6 3.e5 Nd5 4.Nf3 Nc6 5.d4 cxd4 6.cxd4 d6 7.Bc4 Nb6 8.Bb5 a6
9.Bxc6+ bxc6 10.exd6 exd6 11.Qc2 Bd7 12.Bg5 f6 13.Be3 Be7 14.Nc3 Be6 15.O-O O-O
16.Ne1 Qd7 17.Nd3 Bf7 18.Rac1 Rfc8 19.Rfe1 Bf8 20.b3 Rab8 21.Nb2 Qg4 22.h3 Qh4
23.Qf5 Re8 24.Nca4 Be6 25.Qd3 Nxa4 26.Nxa4 f5 27.f3 f4 28.Bf2 Qg5 29.h4 Qb5
30.Qd2 g5 31.Nc3 Qf5 32.hxg5 Qxg5 33.Ne4 Qh6 34.Nc3 d5 35.Re2 Rb7 36.Na4 Rg7
37.Be1 Bd7 38.Rxe8 Bxe8 39.Nc5 Rg5 40.Qe2 Bf7 41.Nd3 Bg7 42.Bc3 Bf6 43.Rd1 Rg7
44.Nf2 Bh4 45.Nh3 Be6 46.Be1 Bg5 47.Qe5 Rg6 48.Bb4 Qg7 49.Qb8+ Kf7 50.Qc7+ Ke8
51.Qxc6+ Qd7 52.Qc5 Qe7 53.Qxe7+ Bxe7 54.Bxe7 Kxe7 55.Kh2  1/2-1/2

[Event "Linares zt"]
[Site "Linares"]
[Date "1995.??.??"]
[Round "8"]
[White "Quadrio, Alexandre"]
[Black "Ribeiro, Fernando"]
[Result "1-0"]
[WhiteElo "2225"]
[BlackElo "2305"]

1.e4 c5 2.c3 Nf6 3.e5 Nd5 4.d4 cxd4 5.Nf3 Nc6 6.cxd4 d6 7.Bc4 Nb6 8.Bb5 e6
9.O-O Be7 10.Nc3 O-O 11.Qe2 a6 12.Bd3 dxe5 13.dxe5 Nb4 14.Bb1 N4d5 15.Ne4 Bd7
16.Nfg5 g6 17.Qd2 Qc7 18.Nf6+ Nxf6 19.exf6 Bd6 20.Nxh7 Bxh2+ 21.Kh1 Bf4 22.Qb4 Bxc1
23.Nxf8 Rxf8 24.Bxg6 Bg5 25.Bh7+ Kxh7 26.Qxf8  1-0

[Event "Linz"]
[Site "Linz"]
[Date "1995.??.??"]
[Round "8"]
[White "Kranzl, Peter"]
[Black "Heimberger, Reinhard"]
[Result "1-0"]
[WhiteElo "2285"]
[BlackElo "2275"]

1.e4 c5 2.c3 Nf6 3.e5 Nd5 4.d4 cxd4 5.Nf3 Nc6 6.Bc4 Nb6 7.Bb3 e6 8.cxd4 d6
9.Qe2 Be7 10.O-O O-O 11.Rd1 d5 12.Nbd2 Bd7 13.Bc2 Nb4 14.Bb1 Rc8 15.a3 Nc6
16.Qd3 g6 17.h4 Na5 18.b3 Na8 19.h5 Qc7 20.Bb2 Qb6 21.g3 Ba4 22.Ba2 Rc7 23.Kg2 Rfc8
24.Rh1 Rc2 25.Rac1 R2c7 26.hxg6 fxg6 27.Bb1 Nxb3 28.Rxh7 Bf8 29.Qxg6+ Bg7
30.Rxg7+  1-0

[Event "Litomysl op"]
[Site "Litomysl"]
[Date "1995.??.??"]
[Round "3"]
[White "Jakubiec, Artur"]
[Black "Hanko, Pavel"]
[Result "1-0"]
[WhiteElo "2410"]
[BlackElo "2240"]

1.e4 c5 2.c3 Nf6 3.e5 Nd5 4.d4 cxd4 5.cxd4 e6 6.Nf3 Nc6 7.a3 d6 8.Bd3 Be7
9.O-O O-O 10.b4 dxe5 11.dxe5 b6 12.Qc2 Qc7 13.Bxh7+ Kh8 14.Be4 Ba6 15.Re1 Rac8
16.Qb3 Nxe5 17.Bb2 Bc4 18.Qd1 Nxf3+ 19.Qxf3 f5 20.Bxd5 Bxd5 21.Qh5+ Kg8 22.Nc3 Bf6
23.Nxd5 exd5 24.Bxf6 Rxf6 25.Rad1 Rh6 26.Re8+ Rxe8 27.Qxe8+ Kh7 28.h3 d4
29.Rxd4 Qc1+ 30.Kh2 Qxa3 31.Qf7 Rf6 32.Rh4+ Rh6 33.Qxf5+ Kg8 34.Rd4 Rf6 35.Rd8+ Kf7
36.Qh5+ g6 37.Qh7+ Ke6 38.Qd7+  1-0

[Event "Litomysl op"]
[Site "Litomysl"]
[Date "1995.??.??"]
[Round "4"]
[White "Majer, Jiri"]
[Black "Ptacnikova, Lenka"]
[Result "1-0"]
[WhiteElo "2300"]
[BlackElo "2200"]

1.e4 c5 2.c3 Nf6 3.e5 Nd5 4.Nf3 d6 5.exd6 Qxd6 6.d4 Nc6 7.dxc5 Qxc5 8.Bd3 g6
9.O-O Bg7 10.Nbd2 O-O 11.Ne4 Qa5 12.h3 Bf5 13.Qe2 Rad8 14.Bd2 Qc7 15.Rfe1 Nf4
16.Bxf4 Qxf4 17.Nc5 Bxd3 18.Nxd3 Qc7 19.Rad1 e5 20.Nc5 b6 21.Ne4 Na5 22.b3 f5
23.Neg5 Rde8 24.Nd4 Qc8 25.Nb5 Qb8 26.b4 h6 27.Nf3 Nb7 28.Qc4+ Kh7 29.Rd7 Rd8
30.Nxe5 Rxd7 31.Nxd7 Qc8 32.Nxf8+ Qxf8 33.Qc7  1-0

[Event "Litomysl op"]
[Site "Litomysl"]
[Date "1995.??.??"]
[Round "5"]
[White "Frindt, Kornel"]
[Black "Hanko, Pavel"]
[Result "1/2-1/2"]
[WhiteElo "2150"]
[BlackElo "2240"]

1.e4 c5 2.c3 Nf6 3.Bd3 Nc6 4.Nf3 e6 5.Bc2 Be7 6.O-O O-O 7.Re1 b6 8.d4 cxd4
9.cxd4 Nb4 10.Bb3 Ba6 11.Nc3 Nd3 12.Re3 Nxc1 13.Rxc1 Rc8 14.Bc2 b5 15.Bd3 Qb6
16.Qf1 Rc6 17.Rd1 b4 18.d5 Bxd3 19.Qxd3 Rcc8 20.Na4 Qa5 21.b3 Bc5 22.Re2 Bb6
23.Ne5 exd5 24.exd5 Qxd5 25.Qxd5 Nxd5 26.Nxd7 Rfd8 27.Ndxb6 axb6 28.Red2 Rd7
29.Nb2 Rcd8 30.Nc4 Nf6 31.Rxd7 Rxd7 32.Rxd7 Nxd7 33.Kf1 Kf8 34.Ne3 Nf6 35.Ke2 Ke7
36.Kd3 b5 37.Kd4 Kd6 38.Nf5+ Kc6 39.Nxg7 Nd5 40.Nh5 Nc3 41.a4 bxa4 42.bxa4 Nxa4
43.Kc4 Nc5 44.Kxb4 Nd3+ 45.Kc4 Nxf2 46.Nf6 h6 47.Kd4 Kd6 48.Ng8 h5 49.Nf6 Ng4
50.Nxg4  1/2-1/2

[Event "Litomysl op"]
[Site "Litomysl"]
[Date "1995.??.??"]
[Round "6"]
[White "Majer, Jiri"]
[Black "Suran, Jan"]
[Result "1/2-1/2"]
[WhiteElo "2300"]
[BlackElo "2215"]

1.e4 c5 2.c3 Nf6 3.e5 Nd5 4.Nf3 d6 5.d4 cxd4 6.cxd4 Nc6 7.exd6 Qxd6 8.Nc3 Bg4
9.Be2 e6 10.O-O Be7 11.h3 Bh5 12.Nxd5 Qxd5 13.Be3 O-O 14.a3 Rfd8 15.Rc1 a6
16.b4 Rac8 17.Qd2 Qd7 18.Rxc6 bxc6 19.Ne5 Bxe2 20.Nxd7 Bxf1 21.Ne5 Bb5 22.Qc2 Bf6
23.Nf3 a5 24.bxa5 Rd5 25.Qb3 Ra8 26.a4 Be2 27.Qb7 Rdxa5 28.Qxc6 Bxf3 29.Qxf3 Rd5
30.Qd1 Rad8 31.Qb3 h6 32.Qb7 Ra5 33.Qc6 Rda8 34.g3 Rxa4 35.d5 exd5 36.Qxd5 Rd8
37.Qc6 Ra1+ 38.Kg2 Rad1 39.Qa4 R1d5 40.Qg4 h5 41.Qc4 Bd4 42.Bxd4 Rxd4 43.Qc7 g6
44.Qe7 R8d5 45.Qe8+ Kg7 46.Qe3 Rc4 47.Qb3 Rcd4 48.Qb7 Kg8 49.Qb8+ Kg7 50.Qa7 Kg8
51.Qb8+ Kg7 52.Qb7 h4 53.g4 g5 54.Qb2 Kh6 55.Qb8 Kg6 56.Qb6+ Kg7 57.Qb2 Rd7
58.Qb5 f6 59.Qb6 Re7 60.Qc5 Rde4 61.Qd6 Rf7 62.Qd5 Rf4 63.Qd8 Re4 64.Qd5 Re5
65.Qd4 Rfe7 66.Qd8  1/2-1/2

[Event "Litomysl op"]
[Site "Litomysl"]
[Date "1995.??.??"]
[Round "6"]
[White "Kos, Toni"]
[Black "Spisak, Czeslaw"]
[Result "1-0"]
[WhiteElo "2235"]
[BlackElo "2335"]

1.e4 c5 2.c3 Nf6 3.e5 Nd5 4.d4 cxd4 5.Nf3 e6 6.cxd4 d6 7.Bc4 Nb6 8.Bd3 Bd7
9.O-O Bc6 10.Nc3 N8d7 11.Re1 dxe5 12.Nxe5 Nxe5 13.dxe5 Bb4 14.Qc2 Rc8 15.Be4 Bxe4
16.Qxe4 Bxc3 17.bxc3 Qd5 18.Qg4 g6 19.Bh6 Rc4 20.Qh3 Rg8 21.Rad1 Re4 22.Rf1 Qxe5
23.Qd3 Qd5 24.Qg3 Qe5 25.Qd3 Ke7 26.Bg5+ f6 27.Be3 Qd5 28.Bd4 Rc8 29.g3 Rg4
30.Qe3 Qc6 31.Qh6 e5 32.Qxh7+ Ke6 33.Qh3 Qf3 34.Bxb6 axb6 35.Qh7 Qc6 36.Rd3 Qc7
37.Qh3 f5 38.Rfd1 e4 39.Rd5 Ra8 40.Qh6 Qc6 41.Rd6+ Qxd6 42.Rxd6+ Kxd6 43.h3  1-0

[Event "Litomysl op"]
[Site "Litomysl"]
[Date "1995.??.??"]
[Round "7"]
[White "Rogovskoy, Alexander"]
[Black "Siekaniec, Jan"]
[Result "1-0"]
[WhiteElo "2270"]
[BlackElo "2155"]

1.e4 c5 2.c3 Nf6 3.e5 Nd5 4.d4 cxd4 5.Qxd4 e6 6.Nf3 Nc6 7.Qe4 f5 8.exf6 Nxf6
9.Qh4 Qa5 10.Bg5 Be7 11.Nbd2 Qf5 12.Qc4 d5 13.Qd3 O-O 14.Qxf5 exf5 15.Bb5 h6
16.Bxf6 Bxf6 17.O-O-O a6 18.Ba4 Be6 19.Nb3 b5 20.Nc5 Bf7 21.Bc2 b4 22.Nd7 bxc3
23.Nxf6+ gxf6 24.bxc3 Ne5 25.Bxf5 Nxf3 26.gxf3 Rfd8 27.Rd4 Ra7 28.Kd2 Rb7
29.Rb1 Rxb1 30.Bxb1 Rc8 31.Ra4 Rb8 32.Bd3 Rb2+ 33.Ke3 d4+ 34.cxd4 Rxa2 35.Rxa2 Bxa2
36.Bxa6 Kf7 37.Bc8 Bb1 38.Kf4 Bg6 39.Bf5 Bh5 40.Bh7 Ke7 41.Bg8 Bg6 42.Bd5  1-0

[Event "SLO-ch (Women)"]
[Site "Ljubljana"]
[Date "1995.??.??"]
[Round "?"]
[White "Zugaj, Zvijezdana"]
[Black "Kosec, Tina"]
[Result "0-1"]
[WhiteElo "1925"]
[BlackElo "2120"]

1.e4 c5 2.c3 Nf6 3.e5 Nd5 4.d4 cxd4 5.cxd4 Nc6 6.a3 d6 7.exd6 Qxd6 8.Nc3 a6
9.Nf3 Bg4 10.Be2 e6 11.O-O Be7 12.Be3 O-O 13.h3 Bh5 14.Qd2 Rfd8 15.Rfd1 Rac8
16.Ne4 Qb8 17.Ng3 Bg6 18.Bc4 Bf6 19.Ne2 Bh5 20.g4 Bg6 21.Bxd5 Rxd5 22.Nf4 Rd7
23.Nxg6 hxg6 24.g5 Be7 25.b4 Rcd8 26.Qc3 Bd6 27.Qc1 Bc7 28.Ra2 Bb6 29.Rad2 Rd5
30.Rd3 Bc7 31.Qc3 R8d7 32.Kg2 Qd8 33.Ne1 Bb6 34.Nc2 e5 35.Qd2 e4 36.Rb3 Bxd4
37.Nxd4 Nxd4 38.Rbb1  0-1

[Event "SLO-ch (Women)"]
[Site "Ljubljana"]
[Date "1995.??.??"]
[Round "?"]
[White "Riznar, Helena"]
[Black "Mihevc, Narcisa"]
[Result "0-1"]
[WhiteElo "1920"]
[BlackElo "2220"]

1.e4 c5 2.c3 Nf6 3.e5 Nd5 4.d4 cxd4 5.cxd4 d6 6.f4 Bf5 7.Qa4+ Nc6 8.Bb5 Qc7
9.Nc3 Nb6 10.Qd1 a6 11.Be2 Nb4 12.Kf2 dxe5 13.g4 Bc2 14.Qd2 exd4 15.Qxd4 e6
16.Be3 N6d5 17.a3 Nxc3 18.bxc3 Nd5 19.Nf3 Rc8 20.Rhe1 Nxe3 21.Qxe3 Bc5 22.Nd4 Ba4
23.h4 O-O 24.Bd3 Bc6 25.Kg3 Qd6 26.a4 Rfd8 27.Red1 Re8 28.Qd2 e5 29.Ne2 g6
30.fxe5 Rxe5  0-1

[Event "ESP-chJ"]
[Site "Los Barrios"]
[Date "1995.??.??"]
[Round "4"]
[White "Aranda Marin, Cristian"]
[Black "Valles Moreno, Ivan"]
[Result "1/2-1/2"]
[WhiteElo "2235"]
[BlackElo "2210"]

1.e4 c5 2.c3 Nf6 3.e5 Nd5 4.g3 Nc6 5.Bg2 e6 6.Nf3 d6 7.exd6 Bxd6 8.O-O O-O
9.Na3 Qe7 10.Nc4 Bc7 11.a4 Bd7 12.Qe2 Rfd8 13.Re1 Nb6 14.Nxb6 axb6 15.b3 b5
16.d4 cxd4 17.Bg5 f6 18.axb5 Na7 19.Nxd4 fxg5 20.c4 Bb6 21.Nxe6 Re8 22.Bxb7 Rab8
23.Bd5 Kh8 24.Qe5 Bxe6 25.Bxe6 Rf8 26.Re2 Rbe8 27.Qd5 Rxf2 28.Rxf2 Bxf2+
29.Kg2 Bc5 30.Rf1 Nc8 31.Rf7 Qxe6 32.Qxe6 Rxe6 33.Rc7 Re2+ 34.Kf1 Re8 35.Rxc5 Kg8
36.Rxg5 Re3 37.Rc5 Nd6 38.Rc6 Ne4 39.b6 Rxb3 40.c5 Nxc5  1/2-1/2

[Event "ESP-chJ"]
[Site "Los Barrios"]
[Date "1995.??.??"]
[Round "8"]
[White "Ramirez, Juan Manuel"]
[Black "Llanes Hurtado, Miguel"]
[Result "1-0"]
[WhiteElo "2250"]
[BlackElo "2265"]

1.e4 c5 2.c3 Nf6 3.e5 Nd5 4.d4 cxd4 5.cxd4 e6 6.Nf3 d6 7.Nc3 Nxc3 8.bxc3 Qc7
9.Bb2 Nd7 10.exd6 Bxd6 11.Bd3 Ba3 12.Qb3 Bxb2 13.Qxb2 b6 14.Be4 Rb8 15.Qa3 b5
16.O-O b4 17.cxb4 O-O 18.Rfc1 Qf4 19.Bc6 Qd6 20.Rab1 Nf6 21.Qxa7 Rxb4 22.Qc5 Rxb1
23.Rxb1 Qf4 24.g3 Qc7 25.Ne5 h5 26.Bb7 Qxb7 27.Rxb7 Bxb7 28.Qc7 Bd5 29.a4 Ng4
30.Nc6 Kh7 31.Nd8 Ba8 32.a5 e5 33.d5 Bxd5 34.Qd6  1-0

[Event "Lyon op"]
[Site "Lyon"]
[Date "1995.??.??"]
[Round "3"]
[White "Michaille, L."]
[Black "Trouillet, F."]
[Result "1-0"]
[WhiteElo "2010"]
[BlackElo "1620"]

1.e4 c5 2.c3 Nf6 3.e5 Nd5 4.d4 cxd4 5.cxd4 d6 6.Bc4 Nb6 7.Bb5+ Bd7 8.e6 fxe6
9.Bd3 Bc6 10.Nf3 Bxf3 11.Qxf3 Nc6 12.Be3 Qd7 13.Nc3 g6 14.O-O d5 15.Rac1 Bg7
16.a4 Rf8 17.Qh3 Rh8 18.Bb5 a6 19.Bxc6 bxc6 20.a5 Nc4 21.Na4 e5 22.Qh4 Bf6
23.Bg5 Qd6 24.Rfe1 e4 25.Nc5 Bxd4 26.Nxe4 dxe4 27.Rxe4 Rf8 28.Bxe7 Bxf2+
29.Qxf2 Qxh2+ 30.Kxh2 Rxf2  1-0

[Event "Madras zt"]
[Site "Madras"]
[Date "1995.??.??"]
[Round "7"]
[White "Safai, Pejman"]
[Black "Al Sayed, Mahamad Naser"]
[Result "1-0"]
[WhiteElo "2000"]
[BlackElo "2000"]

1.e4 c5 2.c3 Nf6 3.e5 Nd5 4.g3 g6 5.Bg2 Nb6 6.Nf3 Bg7 7.O-O O-O 8.Qe2 Nc6
9.d4 cxd4 10.cxd4 d5 11.h3 Bf5 12.Rd1 Nb4 13.Ne1 Rc8 14.Nc3 Rc4 15.a3 Nc6
16.Be3 Na5 17.g4 Be6 18.Nd3 Nb3 19.Rab1 Nxd4 20.Bxd4 Rxd4 21.Nb4 Rxd1+ 22.Rxd1 Qc7
23.Ncxd5 Bxd5 24.Nxd5 Nxd5 25.Rxd5 Qc1+ 26.Rd1 Qf4 27.e6 fxe6 28.Qxe6+ Kh8
29.Qe2 Bd4 30.Rd2 e5 31.Qe1 b6 32.Rc2 Qg3 33.Rd2 Qh4 34.Qf1 Bc5 35.Bd5 Bd4
36.Kg2 h5 37.f3 Be3 38.Rc2 Bf4 39.Qf2 Qd8 40.Be4 Qg5 41.h4 Qf6 42.g5 Qf7
43.Qe1 Rd8 44.Qc3 Rd6 45.Re2 Qd7 46.Bc2 Rd4 47.Bxg6 Bd2 48.Qc2 Rxh4 49.Bf5 Qe7  1-0

[Event "Maidenhead op"]
[Site "Maidenhead"]
[Date "1995.??.??"]
[Round "?"]
[White "Anderton, Matthew"]
[Black "Cummings, David H"]
[Result "0-1"]
[WhiteElo "2170"]
[BlackElo "2375"]

1.e4 c5 2.c3 Nf6 3.e5 Nd5 4.d4 cxd4 5.Nf3 e6 6.Bc4 Nb6 7.Bb3 dxc3 8.Nxc3 d5
9.exd6 Bxd6 10.O-O Nc6 11.Ng5 h6 12.Qh5 g6 13.Qh3 Be5 14.Nge4 f5 15.f4 Bd4+
16.Be3 Bxe3+ 17.Qxe3 fxe4 18.Rad1 Qe7 19.Nxe4 O-O 20.Qg3 Qg7 21.Nd6 Nd4  0-1

[Event "Manresa op"]
[Site "Manresa"]
[Date "1995.??.??"]
[Round "6"]
[White "Marin Ionescu, Luiza"]
[Black "Spassov, Liuben"]
[Result "0-1"]
[WhiteElo "2170"]
[BlackElo "2450"]

1.e4 c5 2.c3 Nf6 3.e5 Nd5 4.g3 Qc7 5.f4 e6 6.Bg2 d6 7.Qe2 dxe5 8.fxe5 Nc6
9.Nf3 Be7 10.O-O O-O 11.d3 Bd7 12.Nbd2 h6 13.h4 Rfd8 14.a4 a6 15.Kh2 Be8
16.Kh3 b5 17.axb5 axb5 18.Rxa8 Rxa8 19.c4 bxc4 20.dxc4 Ndb4 21.Ne4 Rd8 22.Nf2 Nd4
23.Nxd4 cxd4 24.Be4 d3 25.Nxd3 Qxc4 26.b3 Qxb3 27.Nxb4 Qxb4 28.Qg4 h5 29.Qf3 Rc8
30.Be3 Qb5 31.Bg5 Bxg5 32.hxg5 Qxe5 33.Qf4 Qxf4 34.Rxf4 Bc6 35.Bxc6 Rxc6
36.Kh4 Rc5 37.Kxh5 f6 38.Rg4 Kf7 39.Kh4 Rxg5 40.Ra4 Rd5 41.Kg4 Kg6 42.Ra7 Rd4+
43.Kf3 f5 44.Rb7 Ra4 45.Rc7 Kf6 46.Rb7 Ra3+ 47.Kf2 Ra2+ 48.Kf1 e5 49.Rc7 g6
50.Rc5 e4 51.Rb5 Kg5 52.Rb6 Kh5 53.Rf6 Kg4 54.Rxg6+ Kf3  0-1

[Event "Manresa op"]
[Site "Manresa"]
[Date "1995.??.??"]
[Round "8"]
[White "Baron, J."]
[Black "Spassov, Liuben"]
[Result "0-1"]
[WhiteElo "2305"]
[BlackElo "2450"]

1.e4 c5 2.c3 Nf6 3.e5 Nd5 4.d4 cxd4 5.Nf3 e6 6.cxd4 b6 7.Nc3 Bb7 8.Bd3 d6
9.O-O Nxc3 10.bxc3 Nd7 11.Bf4 Qc7 12.Re1 Rd8 13.Ng5 dxe5 14.Nxe6 fxe6 15.Qh5+ Ke7
16.dxe5 Nc5 17.Bg5+ Kd7 18.Bb5+ Kc8 19.Bxd8 Qxd8 20.Rad1 Qe7 21.Be8 g6 22.Bxg6 Rg8
23.Qxh7 Qxh7 24.Bxh7 Rxg2+ 25.Kf1 Rxh2  0-1

[Event "Manresa"]
[Site "Manresa"]
[Date "1995.??.??"]
[Round "9"]
[White "Magem Badals, Jorge"]
[Black "Lalic, Bogdan"]
[Result "1/2-1/2"]
[WhiteElo "2560"]
[BlackElo "2590"]

1.e4 c5 2.c3 Nf6 3.e5 Nd5 4.d4 cxd4 5.Qxd4 e6 6.Nf3 Nc6 7.Qe4 f5 8.Qe2 b6
9.g3 a5 10.Bg2 Ba6 11.c4 Bb4+ 12.Bd2 O-O 13.O-O Qc7 14.b3 Bxd2 15.Qxd2 Nxe5
16.cxd5 Bxf1 17.Kxf1 f4 18.Qd1 Qc5 19.Nbd2 Ng4 20.Ne4 Qxd5 21.Qxd5 exd5 22.Nd6 fxg3
23.hxg3 a4 24.Re1 axb3 25.axb3 Ra2 26.Re2 Rfa8 27.Nb5 Nf6 28.Nc3 Rxe2 29.Kxe2 Ne4
30.Nxd5 Ra2+ 31.Ke3 Nxf2 32.Nd2 Ng4+ 33.Kd3 Ne5+ 34.Ke3  1/2-1/2

[Event "Capablanca mem (Women)"]
[Site "Matanzas"]
[Date "1995.??.??"]
[Round "?"]
[White "Garcia, Ana"]
[Black "De Armas, Asela"]
[Result "0-1"]
[WhiteElo "2005"]
[BlackElo "2170"]

1.e4 c5 2.c3 Nf6 3.e5 Nd5 4.d4 cxd4 5.cxd4 e6 6.Nc3 Nxc3 7.bxc3 Qc7 8.Bd2 b6
9.f4 Bb7 10.Nf3 Be7 11.Bd3 d6 12.Rc1 Nd7 13.O-O h6 14.Qe2 O-O-O 15.Ba6 Kb8
16.Bxb7 Qxb7 17.a4 d5 18.c4 dxc4 19.Rxc4 Rc8 20.Rfc1 Rxc4 21.Rxc4 Rc8 22.Kf2 Qd5
23.Rxc8+ Kxc8 24.Qa6+ Kb8 25.Ke3 f5 26.Kd3  0-1